[Event "DEN-chT 0607"]
[Site "Denmark"]
[Date "2007.03.04"]
[Round "7.8"]
[White "Clausen, Tommy"]
[Black "Pape, Rasmus"]
[Result "1/2-1/2"]
[WhiteElo "1934"]
[BlackElo "2004"]
[PlyCount "49"]
[EventDate "2006.11.04"]
[EventType "team-tourn"]
[EventRounds "9"]
[EventCountry "DEN"]
[SourceTitle "EXT 2023"]
[Source "ChessBase"]
[SourceDate "2022.10.05"]
[SourceVersion "1"]
[SourceVersionDate "2022.10.05"]
[SourceQuality "1"]
[WhiteTeam "Jetsmark"]
[BlackTeam "Helsinge"]
[WhiteTeamCountry "DEN"]
[BlackTeamCountry "DEN"]

1. d4 f5 2. Bf4 Nf6 3. e3 g6 4. Nf3 Bg7 5. Bc4 e6 6. 0-0 0-0 7. Bb3 d6 8. Nbd2 Nh5 9. Re1 Nc6 10. c3 Kh8 11. Bg5 Qe8 12. e4 h6 13. exf5 gxf5 14. Bh4 Qg6 15. Bc2 e5 16. d5 Nd8 17. Be7 Re8 18. Nh4 Qf7 19. Bxd8 Rxd8 20. Qf3 Nf4 21. g3 Nh3+ 22. Kh1 Ng5 23. Qg2 Nh7 24. Qf3 Ng5 25. Qg2 1/2-1/2

[Event "DEN-chT 0607"]
[Site "Denmark"]
[Date "2007.01.13"]
[Round "4.8"]
[White "Hagen, Andreas Skytte"]
[Black "Clausen, Tommy"]
[Result "1-0"]
[WhiteElo "2259"]
[BlackElo "1934"]
[PlyCount "103"]
[EventDate "2006.11.04"]
[EventType "team-tourn"]
[EventRounds "9"]
[EventCountry "DEN"]
[SourceTitle "EXT 2023"]
[Source "ChessBase"]
[SourceDate "2022.10.05"]
[SourceVersion "1"]
[SourceVersionDate "2022.10.05"]
[SourceQuality "1"]
[WhiteTeam "Skolerne"]
[BlackTeam "Jetsmark"]
[WhiteTeamCountry "DEN"]
[BlackTeamCountry "DEN"]

1. Nf3 d5 2. d4 Nf6 3. c4 Bf5 4. Nc3 e6 5. Bg5 Be7 6. e3 h6 7. Bxf6 Bxf6 8. cxd5 exd5 9. Qb3 c6 10. Qxb7 Qb6 11. Qxb6 axb6 12. Rc1 0-0 13. Be2 Be7 14. 0-0 Bd6 15. Rfd1 b5 16. a3 Nd7 17. Nd2 Nf6 18. Bf3 Rfe8 19. Na2 Bd7 20. Ra1 Ra4 21. Nc3 Raa8 22. Nb3 b4 23. axb4 Bxb4 24. Rxa8 Rxa8 25. Ra1 Rb8 26. Na4 Bf5 27. Rc1 Ra8 28. Nc3 Rb8 29. Bd1 Ne8 30. g4 Bd7 31. Na4 Nd6 32. Nbc5 Be8 33. b3 Ba5 34. Kg2 f5 35. h3 f4 36. exf4 Bd2 37. Rc2 Bxf4 38. Ne6 Bg5 39. f4 Bh4 40. Nac5 Bg6 41. f5 Bf7 42. Ra2 Nb5 43. Ra6 Rc8 44. Be2 Bf6 45. Bxb5 cxb5 46. Rb6 Be8 47. b4 Ra8 48. Na6 Bf7 49. Nac7 Rc8 50. Nxd5 Rc2+ 51. Kg3 Bxe6 52. Nxf6+ 1-0